\

شرح نظام الخدمة المدنية في دولة الإمارات العربية المتحدة : (Record no. 22410)

MARC details
000 -LEADER
fixed length control field 00638nam a2200157 4500
001 - CONTROL NUMBER
control field a6803
003 - CONTROL NUMBER IDENTIFIER
control field SIRSI
008 - FIXED-LENGTH DATA ELEMENTS--GENERAL INFORMATION
fixed length control field 130702n1978 000 0 ara u
035 ## - SYSTEM CONTROL NUMBER
System control number (Sirsi) a7653
050 14 - LIBRARY OF CONGRESS CALL NUMBER
Classification number KMV2970.A42
Item number I273 1978
100 1# - MAIN ENTRY--PERSONAL NAME
Personal name ابراهيم ,السيد محمد
245 10 - TITLE STATEMENT
Title شرح نظام الخدمة المدنية في دولة الإمارات العربية المتحدة :
Remainder of title السيد محمد ابراهيم .
260 ## - PUBLICATION, DISTRIBUTION, ETC.
Place of publication, distribution, etc. ابوظبي :
Name of publisher, distributor, etc. وزارة الاعلام والثقافة :
Date of publication, distribution, etc. 1978
300 ## - PHYSICAL DESCRIPTION
Extent ص :481 :
Dimensions سم
650 #4 - SUBJECT ADDED ENTRY--TOPICAL TERM
Topical term or geographic name entry element الخدمة المدنية
Geographic subdivision الإمارات العربية المتحدة
Holdings
Withdrawn status Lost status Source of classification or shelving scheme Damaged status Not for loan Collection Home library Current library Shelving location Total checkouts Full call number Barcode Date last seen Copy number Price effective from Koha item type
    Library of Congress Classification     AUE Library Collection MAIN MAIN General   KMV2970.A42 I273 1978 12002121 03/13/2021 1 11/19/2019 Books